• 首页
  • 本馆介绍
  • 公告通知
  • 最新文献
  • 馆藏检索
  • 电子资源
  • 读者导购
  • 参考咨询
  • 我的图书馆
  • 登录
  • 详细信息显示
  • 放入我的书架
  • 预约/预借图书
  • 作者相关作品
  • 分类相关作品
  • 丛书相关作品
  • 出版社相关作品

书目信息

  • 表格格式
  • 工作单格式
  • 卡片格式
题名:
房地产经济学
    
 
作者: 张永岳 编著
分册:  
出版信息: 北京   高等教育出版社  2016
页数: 325页
开本: 26cm
丛书名:
单 册:
中图分类: F293.30
科图分类:
主题词: 房地产经济学--高等学校--教材
电子资源:
ISBN: 978-7-04-044569-5
000 00850nam0 2200253 450
001 0103767138
005 20160602150226.0
010    @a978-7-04-044569-5@dCNY37.80
100    @a20160301d2016 em y0chiy0120 ea
101 0  @achi
102    @aCN@b110000
105    @ay z 000yy
106    @ar
200 1  @a房地产经济学@9Fang Di;De Chan Jing Ji Xue @f张永岳[等]编著@b专著
210    @a北京@c高等教育出版社@d2016
215    @a325页@d26cm
300    @a高等学校房地产开发与管理专业系列教材
304    @a编著还有:陈伯庚、孙斌艺、孟星
330    @a本教材分为房地产经济基础理论、房地产经济微观分析、房地产经济宏观分析三篇,共十五章,以此构筑相应的理论体系。
606 0  @a房地产经济学@x高等学校@j教材
690    @aF293.30@v5
701  0 @a张永岳@f(1954~)@4编著@9zhang yong yue
801  0 @aCN@bAZmarc@c20230903
905    @aBZT@dF293@e6@f1@sF293/6
    
    房地产经济学/张永岳[等]编著.-北京:高等教育出版社,2016
    325页;26cm
    高等学校房地产开发与管理专业系列教材
    
    ISBN 978-7-04-044569-5:CNY37.80
    本教材分为房地产经济基础理论、房地产经济微观分析、房地产经济宏观分析三篇,共十五章,以此构筑相应的理论体系。
●
相关链接 在五车中查询图书 在当当中查询图书 在豆瓣中查询图书


正题名:房地产经济学     索取号:F293/6         预约/预借

序号 登录号 条形码 馆藏地/架位号 状态 备注
1 2000008120   2000008120   旧书回溯/ [索取号:F293/6] 在馆    
山东省滨州职业学院图书馆 欢迎您!
大连网信软件有限公司© 版权所有